000 00321nam a2200133Ia 4500
008 150201s2007 xx 000 0 und d
082 _a610.72
_bB07W
100 _aWHO
245 _aBASICS TESTS FOR PHARMACEUTICAL SUSTANCES
250 _a1ST
260 _bAITBS
_aDELHI
_c2007
650 _aPHARMACOLOGY
942 _2ddc
_cBK
999 _c1110
_d1110